000 00386nam a22001577a 4500
999 _c196228
_d196228
005 20230607121633.0
010 _aB-691396
020 _c395.00
035 _aB-691396
100 _aChandra,Bipin
245 _aHistory of modern india /
_cby Bipin Chandra
260 _aDelhi
_bPansy Books
270 _aSomesh Vihar
_bDelhi
_e110071
300 _avp.
_c22cm
942 _2ddc
_cEN
_mCHA